| 000 | 03210nam a22003615i 4500 | ||
|---|---|---|---|
| 001 | eep9781786432179 | ||
| 003 | UtOrBLW | ||
| 005 | 20210215104133.0 | ||
| 006 | m o d | ||
| 007 | cr un||||||||| | ||
| 008 | 161116s2018 mau o 001 0 eng | ||
| 020 | _a9781786432179 (e-book) | ||
| 040 |
_aDLC _beng _erda _cDLC _dUtOrBLW |
||
| 042 | _apcc | ||
| 050 | 4 |
_aHV6431 _b.A93 2018 |
|
| 100 | 1 |
_aAzam, Jean-Paul, _eauthor. |
|
| 245 | 1 | 0 |
_aFighting terrorism at source : _busing foreign aid to delegate global security / _cJean-Paul Azam (Toulouse School of Economics, University of Toulouse 1-Capitole, IAST, IDEI), and Véronique Thelen (University of Rennes 1 (CREM), France). |
| 264 | 1 | _bEdward Elgar Publishing Limited, | |
| 300 | _a1 online resource (200 pages) | ||
| 500 | _aIncludes index. | ||
| 505 | 0 | _aContents: 1. Introduction and overview -- Part 1: Getting the questions right -- 2: Targets and perpetrators of transnational terrorist attacks -- 3: Why suicide terrorists get educated -- 4: Aid and military intervention in a model of delegated protection -- Part 2: Empirical answers -- 5: Testing the impacts of foreign aid and military interventions -- 6: Estimating the speed of terrorist responses. -- 7: The problem of imported attacks -- 8. -- General conclusion -- Index. | |
| 520 | _aThis book offers a unique and insightful econometric evaluation of the policies used to fight transnational terrorism between 1990 and 2014. It uses the tools of modern economics, game theory and structural econometrics to analyze the roles of foreign aid, educational capital, and military intervention. Jean-Paul Azam and Véronique Thelen analyze panel data over 25 years across 124 countries. They prove that foreign aid plays a key role in inducing recipient governments to protect the donors' political and economic interests within their sphere of influence. Demonstrating that countries endowed with better educational capital export fewer terrorist attacks, they also illustrate that, in contrast, military intervention is counter-productive in abating terrorism. Recognizing the strides taken by the Obama administration to increase the role of foreign aid and reduce the use of military interventions, this book shows the significant impact this has had in reducing the number of transnational terrorist attacks per source country, and suggests further developments in this vein. Practical and timely, this book will be of particular interest to students and scholars of economics and political science, as well as those working on the wider issue of terrorism. Presenting a series of new findings, the book will also appeal to international policy makers and government officials. | ||
| 588 | _aDescription based on print record. | ||
| 650 | 0 |
_aTerrorism _xEconomic aspects. |
|
| 655 | 0 | _aElectronic books. | |
| 700 | 1 |
_aThelen, Véronique, _eauthor. |
|
| 710 | 2 |
_aEdward Elgar Publishing, _epublisher. |
|
| 776 | 1 | _z9781786432162 (hardback) | |
| 856 | 4 | 0 | _uhttps://www.elgaronline.com/view/9781786432162/9781786432162.xml |
| 999 |
_c28691 _d28691 |
||